| 000 | 00306nam a2200121 i 4500 | ||
|---|---|---|---|
| 001 | bg | ||
| 100 | 1 | _aSZWALBE, J. | |
| 245 | 0 |
_aProgram badań potrzeb użytkowników informacji w ramach Sinto... / _cJ. Szwalbe. |
|
| 040 | _cBPK | ||
| 041 | _apol | ||
| 942 | _cKS | ||
| 008 | s pl f |000 0 pol | ||
| 999 |
_c9416 _d9416 |
||
| 856 |
_uhttp://koha.tu.koszalin.pl/cgi-bin/koha/opac-detail.pl?biblionumber=9416 _yKatalog online BPK |
||